000 01364nam a2200337 c 4500
003 BLK
005 20220401092155.0
008 180408b bul|||||r ||||||| ||bul||
010 _aKNG00075818000
020 _a978-954-26-0513-3
_bиздат.: Хермес
040 _aBLK
041 _aBUL
_cBUL
080 _aАмериканска литература (на САЩ)
_b821.111(73)
_x-31
_z821.111(73)-31
100 1 _aДелински, Барбара
_eпърви автор
_959608
700 1 _aСтоилова, Пепа Стоилова
_eпрев. от англ.
_9364979
139 _aДелински, Барбара
_bД 37
245 1 0 _aПовече от приятели
_bРоман
_cБарбара Делински; прев. от англ. Пепа Стоилова Стоилова.
250 _a2. изд.
257 _aUSA
260 Пловдив
_bХермес
_c2007
_fХасково : Полиграфюг
300 _a448 с.
_c20 см
380 _aX
490 1 _aМегаселър
500 _aОриг. загл. More Than Friends / Barbara Delinsky. - 1. изд. 1996 на изд. Бард. - Офс. изд.
653 _aромани
852 _aЦб 234436
856 4 _qpdf
_u
856 4 _qpdf
_u
942 _cKNG
_n0
_025
944 _aCR
_c20.06.2007
_kЛюдмила_Стоянова
944 _aED
_c26.02.2016
_kВиолета_Тройчева
999 _c71448
_d71448